000 01078nam a22003017a 4500
001 10132
003 FISKH
005 20260424080438.0
008 260423b cb ||||| |||| 00| 0 eng d
020 _a9780462003115
040 _aFISKH
_beng
_cFISKH
_dFISKH
050 _aPZ7
082 _a823.92
100 _aJohn, Victoria St
_eAuthor
245 _aTed and Lee's book /
_cWritten and photographed by Victoria St John
250 _aFirst published 2008
260 _aLondon :
_bMarshall Cavendish Limited ,
_c2008
300 _a16 pages :
_bcolor illustrations ;
_c16 X 19 cm
490 _aMy Pals Are Here ! Reading Stars :
_v11b
505 _aJ
520 _aTed and Lee share a book and explore it together. As they look through the pages, they talk about what they see and enjoy reading. The story highlights sharing, simple reading behavior, and enjoying books with a friend.
521 8 _a350
_bLexile estimate
521 8 _aG
_bRaz-Plus
650 _aReading
_vBooks
650 _aSharing
_vFriendship
942 _2ddc
_cBK
_n0
999 _c10132
_d10132